[Event "SLO-chT U20 Girls 27th"]
[Site "Nova Gorica"]
[Date "2018.06.29"]
[Round "4.1"]
[White "Lukac, Alina"]
[Black "Gregoric, Anika"]
[Result "1-0"]
[WhiteElo "1389"]
[BlackElo "1505"]
[PlyCount "139"]
[EventDate "2018.06.27"]
[EventType "team-tourn"]
[EventRounds "5"]
[EventCountry "SLO"]
[SourceTitle "EXT 2020"]
[Source "ChessBase"]
[SourceDate "2019.10.17"]
[SourceVersion "1"]
[SourceVersionDate "2019.10.17"]
[SourceQuality "1"]
[WhiteTeam "Radenska Pomgrad U20 Girls"]
[BlackTeam "Nova Gorica U20 Girls"]
[WhiteTeamCountry "SLO"]
[BlackTeamCountry "SLO"]

1. e4 e5 2. Nf3 Nf6 3. Nxe5 d6 4. Nf3 Nxe4 5. Nc3 Nxc3 6. dxc3 Be7 7. Be3 Be6 8. Be2 Nc6 9. Qd2 Qd7 10. 0-0-0 h6 11. Kb1 Na5 12. Nd4 Nc4 13. Bxc4 Bxc4 14. f3 f6 15. g4 Kd8 16. Nf5 Bf8 17. Bf2 a5 18. Rde1 Bf7 19. Qe3 Rh7 20. Nd4 Qe7 21. Ne6+ Qxe6 22. Qxe6 Bxe6 23. Rxe6 Kd7 24. Rhe1 Rd8 25. c4 h5 26. h3 hxg4 27. hxg4 Rh2 28. Bd4 Rh3 29. R6e3 Rh2 30. R3e2 Rxe2 31. Rxe2 Re8 32. Rxe8 Kxe8 33. Kc1 Kd7 34. b3 Ke6 35. Kd2 g6 36. Ke3 c6 37. a4 d5 38. cxd5+ cxd5 39. c3 Bh6+ 40. Ke2 Bc1 41. Bb6 Kd6 42. Bxa5 Kc6 43. Bd8 f5 44. Bf6 Kd6 45. Bd4 fxg4 46. fxg4 g5 47. Be3 Bxe3 48. Kxe3 Ke5 49. a5 Kd6 50. Kd4 Ke6 51. b4 Kd6 52. b5 b6 53. axb6 Kd7 54. Kxd5 Kc8 55. Ke5 Kb7 56. Kf5 Kxb6 57. Kxg5 Kxb5 58. Kf6 Kc4 59. g5 Kxc3 60. g6 Kd4 61. g7 Kd5 62. g8Q+ Kd4 63. Qg5 Kc3 64. Qf4 Kc2 65. Qe3 Kb2 66. Ke5 Kb1 67. Qd2 Ka1 68. Kd4 Kb1 69. Kc3 Ka1 70. Qb2# 1-0

[Event "SLO-ch U14 Girls"]
[Site "Portoroz"]
[Date "2018.02.27"]
[Round "5"]
[White "Gregoric, Anika"]
[Black "Cepin, Ela"]
[Result "1-0"]
[WhiteElo "1449"]
[BlackElo "1118"]
[PlyCount "117"]
[EventDate "2018.02.24"]
[EventType "swiss"]
[EventRounds "9"]
[EventCountry "SLO"]
[SourceTitle "EXT 2019"]
[Source "ChessBase"]
[SourceDate "2018.10.10"]
[SourceVersion "1"]
[SourceVersionDate "2018.10.10"]
[SourceQuality "1"]

1. e4 e5 2. Nf3 Nc6 3. d4 exd4 4. Bc4 Nf6 5. e5 d5 6. Bb5 Ne4 7. Nxd4 Bd7 8. Bxc6 bxc6 9. Nd2 Nxd2 10. Bxd2 Bc5 11. Nb3 Bb6 12. 0-0 0-0 13. Re1 Re8 14. Qf3 Re6 15. Bf4 f6 16. Qg3 Kh8 17. Rad1 Qe7 18. Re2 Rd8 19. Nd2 Be8 20. Nf3 c5 21. Rde1 Bf7 22. exf6 gxf6 23. Rxe6 Bxe6 24. Bh6 Rg8 25. Qf4 Qf7 26. Qe3 Re8 27. Qf4 Qg6 28. Nh4 Qf7 29. g3 c6 30. Nf5 Bxf5 31. Rxe8+ Qxe8 32. Qxf5 Qg6 33. Qc8+ Qg8 34. Qxc6 Qg6 35. Qc8+ Qg8 36. Qf5 Qf7 37. h4 d4 38. Kh2 Qg6 39. Qf4 Qf7 40. Kh3 Qe6+ 41. Qg4 Qxg4+ 42. Kxg4 Kg8 43. Kf5 Kf7 44. b3 Ba5 45. f3 Be1 46. Bf4 Ba5 47. h5 Bd8 48. g4 Ke7 49. g5 fxg5 50. Bxg5+ Ke8 51. Bxd8 Kxd8 52. Kf6 Kd7 53. Kf7 Kd6 54. f4 Kd7 55. f5 a5 56. a4 Kd8 57. f6 Kd7 58. Kg7 Ke6 59. f7 1-0

[Event "SLO-ch U14 Girls"]
[Site "Portoroz"]
[Date "2018.02.24"]
[Round "1"]
[White "Gregoric, Anika"]
[Black "Kolosa Kusej, Vita"]
[Result "1-0"]
[WhiteElo "1449"]
[BlackElo "1025"]
[PlyCount "75"]
[EventDate "2018.02.24"]
[EventType "swiss"]
[EventRounds "9"]
[EventCountry "SLO"]
[SourceTitle "EXT 2019"]
[Source "ChessBase"]
[SourceDate "2018.10.10"]
[SourceVersion "1"]
[SourceVersionDate "2018.10.10"]
[SourceQuality "1"]

1. e4 c5 2. Nf3 d6 3. d4 cxd4 4. Nxd4 Nf6 5. Nc3 e6 6. Be2 Be7 7. 0-0 0-0 8. Bg5 Nbd7 9. Kh1 h6 10. Bh4 Qc7 11. f4 a6 12. Bf3 Rb8 13. g4 g6 14. g5 hxg5 15. Bxg5 Qc5 16. Nb3 Qc7 17. Rg1 Nc5 18. Bh6 Rd8 19. Nd4 Kh7 20. Bg5 Ng8 21. Qe1 f6 22. Bh4 e5 23. fxe5 dxe5 24. Qg3 g5 25. Rad1 b5 26. Bg4 b4 27. Nd5 Rxd5 28. exd5 Bxg4 29. Qxg4 exd4 30. Qh5+ Nh6 31. Rxd4 b3 32. axb3 a5 33. Rdg4 Rg8 34. R4g3 Qe5 35. Rh3 Qxd5+ 36. Rg2 gxh4 37. Qxd5 Rxg2 38. Qxg2 1-0

[Event "SLO-ch U12 Girls"]
[Site "Ptuj"]
[Date "2017.03.03"]
[Round "9"]
[White "Drevensek, Doroteja"]
[Black "Gregoric, Anika"]
[Result "1-0"]
[WhiteElo "1732"]
[BlackElo "1216"]
[PlyCount "117"]
[EventDate "2017.02.27"]
[EventType "swiss"]
[EventRounds "9"]
[EventCountry "SLO"]
[SourceTitle "CBM 177 Extra"]
[Source "ChessBase"]
[SourceDate "2017.04.27"]
[SourceVersion "1"]
[SourceVersionDate "2017.04.27"]
[SourceQuality "1"]

1. e4 c5 2. c3 d6 3. d4 cxd4 4. cxd4 Nf6 5. Nc3 g6 6. Bd3 Bg7 7. Nge2 0-0 8. 0-0 Nc6 9. a3 Bd7 10. h3 Rc8 11. Be3 a6 12. Qd2 Na5 13. Nc1 Nc4 14. Bxc4 Rxc4 15. b3 Rc7 16. N1e2 b5 17. Bh6 a5 18. Bxg7 Kxg7 19. e5 Ne8 20. Nd5 Rc6 21. Rac1 e6 22. Ne3 Qb6 23. Ng4 Qd8 24. Rxc6 Bxc6 25. Rc1 Bb7 26. Rd1 dxe5 27. dxe5 Qxd2 28. Rxd2 Bd5 29. b4 axb4 30. axb4 h5 31. Ne3 Nc7 32. Nc3 Rd8 33. Ncxd5 Nxd5 34. Nxd5 Rxd5 35. Rxd5 exd5 36. Kf1 Kf8 37. Ke2 Ke7 38. Kd3 Kd7 39. Kd4 Kc6 40. g4 Kd7 41. Kxd5 Ke7 42. g5 Kd7 43. f4 h4 44. Kc5 Ke6 45. Kxb5 Kf5 46. Kc4 Kxf4 47. b5 Kg3 48. b6 Kxh3 49. b7 Kg2 50. b8Q h3 51. Qb2+ Kg3 52. Qc3+ Kg4 53. Qd2 Kf5 54. Qh2 Kg4 55. Kd4 Kxg5 56. Qxh3 Kf4 57. Qf1+ Kg4 58. Qxf7 g5 59. e6 1-0

[Event "SLO-ch U12 Girls"]
[Site "Ptuj"]
[Date "2017.03.01"]
[Round "5"]
[White "Kralj, Nika"]
[Black "Gregoric, Anika"]
[Result "0-1"]
[WhiteElo "1594"]
[BlackElo "1216"]
[PlyCount "98"]
[EventDate "2017.02.27"]
[EventType "swiss"]
[EventRounds "9"]
[EventCountry "SLO"]
[SourceTitle "CBM 177 Extra"]
[Source "ChessBase"]
[SourceDate "2017.04.27"]
[SourceVersion "1"]
[SourceVersionDate "2017.04.27"]
[SourceQuality "1"]

1. e4 e5 2. Nf3 Nf6 3. Nc3 Nc6 4. d4 exd4 5. Nxd4 Bc5 6. Nb3 Bb4 7. Bd3 0-0 8. 0-0 Re8 9. Bg5 Bxc3 10. bxc3 h6 11. Bh4 d6 12. Re1 Ne5 13. f4 Bg4 14. Qc1 Ng6 15. Bg3 Nh5 16. f5 Nxg3 17. fxg6 Nh5 18. gxf7+ Kxf7 19. Nd4 c5 20. Bc4+ Kg6 21. Nf5 Bxf5 22. exf5+ Kh7 23. Qd2 Qd7 24. Qd3 Nf4 25. Qf1 Rxe1 26. Rxe1 d5 27. Qxf4 dxc4 28. f6 gxf6 29. Qxf6 Re8 30. Rxe8 Qxe8 31. Qf5+ Kg7 32. Qg4+ Kh7 33. Qxc4 Qe1+ 34. Qf1 Qe3+ 35. Kh1 Qxc3 36. Qd3+ Qxd3 37. cxd3 Kg6 38. Kg1 Kf5 39. Kf2 b5 40. Ke3 Ke5 41. g4 a5 42. h4 a4 43. g5 hxg5 44. hxg5 b4 45. d4+ cxd4+ 46. Kd3 b3 47. axb3 a3 48. Kc2 a2 49. Kb2 d3 0-1

[Event "Portoroz op 10th"]
[Site "Portoroz"]
[Date "2016.07.26"]
[Round "5"]
[White "Gregoric, Anika"]
[Black "Vidic, Marjan"]
[Result "0-1"]
[WhiteElo "1175"]
[BlackElo "1629"]
[PlyCount "64"]
[EventDate "2016.07.23"]
[EventType "swiss"]
[EventRounds "9"]
[EventCountry "SLO"]
[SourceTitle "CBM 173 Extra"]
[Source "ChessBase"]
[SourceDate "2016.08.29"]
[SourceVersion "1"]
[SourceVersionDate "2016.08.29"]
[SourceQuality "1"]

1. e4 d6 2. d4 Nf6 3. Nc3 c6 4. Nf3 b5 5. Be2 b4 6. e5 bxc3 7. exf6 cxb2 8. Bxb2 exf6 9. 0-0 g6 10. Bc4 d5 11. Bd3 Bg7 12. Re1+ Be6 13. c4 0-0 14. cxd5 Bxd5 15. Qe2 Nd7 16. Qe7 Bxf3 17. Qxd8 Raxd8 18. gxf3 f5 19. Rad1 c5 20. Bc4 Nb6 21. Re7 Nxc4 22. Bc3 Bxd4 23. Bxd4 cxd4 24. Rxa7 d3 25. Rc7 Nb2 26. Rd2 Rb8 27. Kg2 Rfe8 28. Kg3 Rb6 29. Rd7 Re2 30. Rd8+ Kg7 31. Rxb2 Rbxb2 32. Rxd3 Rxa2 0-1

[Event "Portoroz op 10th"]
[Site "Portoroz"]
[Date "2016.07.25"]
[Round "4"]
[White "Vicic, Maks"]
[Black "Gregoric, Anika"]
[Result "0-1"]
[WhiteElo "1603"]
[BlackElo "1175"]
[PlyCount "70"]
[EventDate "2016.07.23"]
[EventType "swiss"]
[EventRounds "9"]
[EventCountry "SLO"]
[SourceTitle "CBM 173 Extra"]
[Source "ChessBase"]
[SourceDate "2016.08.29"]
[SourceVersion "1"]
[SourceVersionDate "2016.08.29"]
[SourceQuality "1"]

1. e4 e5 2. Nf3 Nf6 3. Nxe5 Qe7 4. d4 d6 5. Nf3 Nxe4 6. Qe2 Nf6 7. Qxe7+ Bxe7 8. Bd3 Nc6 9. Be3 Bg4 10. Nbd2 Nb4 11. 0-0 0-0 12. h3 Bxf3 13. Nxf3 Rad8 14. Rfe1 Nfd5 15. Bd2 c5 16. Bc4 Nxc2 17. Bg5 Bxg5 18. Nxg5 h6 19. Bxd5 hxg5 20. Rac1 Nxe1 21. Rxe1 b6 22. dxc5 dxc5 23. Bb3 Rfe8 24. Rf1 Re2 25. Rb1 Rde8 26. Ba4 R8e4 27. f3 Rxa4 28. b3 Raxa2 29. Rd1 Rxg2+ 30. Kf1 Rgf2+ 31. Kg1 Rxf3 32. Rd8+ Kh7 33. Rd1 Rg3+ 34. Kf1 Rxh3 35. Ke1 Rh1# 0-1